| 000 | 00648nam a2200253Ia 4500 | ||
|---|---|---|---|
| 003 | OSt | ||
| 005 | 20221007110724.0 | ||
| 006 | a|||||r|||| 00| 0 | ||
| 007 | ta | ||
| 008 | 221006b |||||||| |||| 00| 0 eng d | ||
| 024 | _a21,701 | ||
| 037 | _cTextual | ||
| 040 |
_aLCO _cLCO _beng |
||
| 041 |
_2eng _aeng |
||
| 082 | _aZ2,2675, P8 | ||
| 100 |
_aSarkar J.S _9707810 |
||
| 245 | 0 |
_aTrade Marks _b Law and practice |
|
| 250 | _a5th | ||
| 260 |
_aKolkata _bKamal Law House India _c2008 |
||
| 300 | _a1391 | ||
| 650 |
_aTRADE MARK _9311064 |
||
| 942 |
_hZ2,2675, P8 _cTEXL |
||
| 999 |
_c1191264 _d1191264 |
||